000 00508nam a2200169 i 4500
001 69836
003 ES-MaACL
005 20230906170632.0
007 t|
008 040712s1904 sp ||||1| spa d
100 1 _aGarcĂ­a Hurtado, Saturnino.
_954783
245 1 0 _aEstudio del pie plano /
_cSaturnino G. Hurtado.
260 _aMadrid :
_b[s.n.],
_c1904 (
_fEst. tip. de Enrique Teodoro)
300 _a16 p., [1] h. pleg. de il. ;
_c23 cm.
650 4 _aPie plano.
_9151074
852 _aES-MaACL
_jT-1049-F-13
999 _c69836
_d69836